000 01038nac a22003011i 4500
003 EG-ScBUE
005 20250527095814.0
008 250413t2004 njua f 001 0 eng d
020 _a9812387080 (pbk.)
040 _aEG-ScBUE
_beng
_erda
_cEG-ScBUE
_dEG-ScBUE
082 0 4 _a530.411
_bHAR
_222
100 1 _aHarrison, Walter A.,
_eauthor.
245 1 0 _aElementary electronic structure /
_cWalter A. Harrison, Department of Applied Physics, Stanford University.
250 _aRevised edition.
264 1 _aRiver Edge, New Jersey :
_bWorld Scientific,
_c[2004]
264 4 _cc2004
300 _axx, 838 pages :
_billustrations ;
_c23 cm
336 _2rdacontent
_atext
_btxt
337 _aunmediated
_2rdamedia
_bn
338 _avolume
_bnc
_2rdacarrier
500 _aIncludes index.
650 7 _aElectronic structure.
_2BUEsh
650 7 _aChemical bonds.
_2BUEsh
650 7 _aSolid state physics.
_2BUEsh
655 _vReading book
856 4 1 _uhttp://www.netLibrary.com/urlapi.asp?action=summary&v=1&bookid=63236
942 _cBB
_2ddc
999 _c83
_d83